Normal view
MARC view
- جزء قد سمع - تفسير - القران الكريم
Entry Topical Term
001 - CONTROL NUMBER
- control field: 39534
003 - CONTROL NUMBER IDENTIFIER
- control field: JO-AjAnu
005 - DATE AND TIME OF LATEST TRANSACTION
- control field: 20230606080556.0
008 - FIXED-LENGTH DATA ELEMENTS
- fixed length control field: 230606|| aca||aabn | a|a d
040 ## - CATALOGING SOURCE
- Original cataloging agency: JO-AjAnu
- Transcribing agency: JO-AjAnu
150 ## - HEADING--TOPICAL TERM
- Topical term or geographic name entry element: جزء قد سمع - تفسير - القران الكريم
670 ## - SOURCE DATA FOUND
- Source citation: Work cat.: (JO-AjAnu)20272: بقلم طباره، عفيف عبد الفتاح, author 39533, روح القرأن الكريم : تفسير جزء قد سمع، ج30